| 000 | 02914nam a2200385 i 4500 | ||
|---|---|---|---|
| 001 | 000005045 | ||
| 003 | DO-SdBNP | ||
| 005 | 20260417105320.0 | ||
| 007 | ta | ||
| 008 | 090729s2003 dr 000 0 spa d | ||
| 020 | _a9993403377 | ||
| 040 |
_aDO-SdBNP _bspa _cBNPHU _erda |
||
| 041 | _aspa | ||
| 082 | 4 |
_a346.043 _bC577t _222 |
|
| 100 |
_aCiprián, Rafael, _d1959- _eautor _4aut. _9839 |
||
| 245 | 1 | 0 |
_aTratado de derecho inmobiliario : _bbases legales, jurisprudencia, doctrina y procedimientos / _cRafael Ciprián ; prólogo, Luis Scheker Ortiz. |
| 250 | _aprimera edición | ||
| 264 | 1 |
_aSanto Domingo : _bEditora Centenario, _c2003. |
|
| 300 |
_a1008 páginas ; _c25 cm. |
||
| 336 |
_atexto _btxt _2rdacontent |
||
| 337 |
_asin mediación _bn _2rdamedia |
||
| 338 |
_avolumen _bnc _2rdacarrier |
||
| 500 | _aIncluye índice analítico y de nombres | ||
| 504 | _aBibliografía: páginas 1003-1008 | ||
| 505 | 0 |
_aGeneralidades sobre los inmuebles -- _tReseña histórica -- _tLa propiedad pública inmobiliaria -- _tLa propiedad inmobiliaria dominicana precapitalista -- _tLos grandes sistemas de regsitros de la propiedad inmobiliaria -- _tImpacto de ocupación militar norteamericana en derecho inmobiliario RD -- _tLa gran legislación inmobiliaria dominicana -- _tCompetencia y atribuciones del Tribunal de Tierras -- _tProcedimiento de saneamiento catastral -- _tRégimen de publicidad y notificación de sentencias del Tribunal de Tierras -- _tEl decreto de registro -- _tCertificado de título inmobiliario -- _tCaracteres del certificado de título de propiedad inmobiliaria -- _tDuplicado por pérdida del certificado de título -- _tLa prueba en materia inmobiliaria -- _tLos recursos contra las decisiones o sentencias del Tribunal de Tierras -- _tLa revisión de oficio de las decisiones de jurisdicción original -- _tRecurso de casación contra las sentencias dictadas por Tribunal de Tierras -- _tRecurso de revisión por causa de fraude -- _tRecurso de revisión por causa de error material -- _tPrescripción y otros medios de inadmisión y exepción en materia inmobiliaria -- _tDemanda contra el fondo de seguro de terrenos registrados -- _tDeslinde, subdivisión y refundición -- _tRegistro de mejoras -- _tActos jurídicos relativos a derechos inmobiliarios -- _tEl aluvión y sus efectos jurídicos -- _tLitis sobre derechos registrados -- _tRégimen legal de condominio -- _tDeterminación de herederos y partición sucesoria ante Tribunal de Tierras -- _tEl embargo inmobiliario. |
|
| 590 | _aInventariado, 2018/LP | ||
| 650 | 4 |
_aBienes raíces _xLegislación _914523 |
|
| 650 | 4 |
_aDerecho de propiedad _94070 |
|
| 650 | 4 |
_aDesarrollo de bienes raíces _xLegislación _914524 |
|
| 650 | 4 |
_aRegistro de la propiedad _914525 |
|
| 650 | 4 |
_aLeyes _zRepública Dominicana _93033 |
|
| 700 | 1 |
_aScheker Ortiz, Luis, _eprologuista _4pr. _99515 |
|
| 910 | _aValidado. Control de calidad MMOLINA | ||
| 942 |
_2ddc _cLBS1 |
||
| 999 |
_c4850 _d4850 |
||